Historia de la administración de D. Sebastián Lerdo de Tejada (Record no. 245)

MARC details
000 -CABECERA
campo de control de longitud fija 01209nam a2200253 a 4500
001 - NÚMERO DE CONTROL
campo de control BRCA_303
005 - FECHA Y HORA DE LA ÚLTIMA TRANSACCIÓN
campo de control 20190320202944.0
008 - DATOS DE LONGITUD FIJA--INFORMACIÓN GENERAL
campo de control de longitud fija 930416r19921875mx-#---##b---#001-0#spa-#
040 ## - FUENTE DE LA CATALOGACIÓN
Centro catalogador/agencia de origen DLC
Centro/agencia transcriptor DLC
050 #4 - SIGNATURA TOPOGRÁFICA DE LA BIBLIOTECA DEL CONGRESO
Número de clasificación F1226
Número de documento/Ítem .B53 1992
100 1# - ENTRADA PRINCIPAL--NOMBRE DE PERSONA
Nombre de persona Riva Palacio, Vicente
Fechas asociadas al nombre 1832-1896
9 (RLIN) 1019
245 10 - MENCIÓN DE TÍTULO
Título Historia de la administración de D. Sebastián Lerdo de Tejada
Mención de responsabilidad, etc. Vicente Riva Palacio ; apunte histórico del Lic. Miguel Alemán Valdés.
260 ## - PUBLICACIÓN, DISTRIBUCIÓN, ETC.
Lugar de publicación, distribución, etc. México
Nombre del editor, distribuidor, etc. Biblioteca Mexicana de la Fundación Miguel Alemán
Fecha de publicación, distribución, etc. 1992
300 ## - DESCRIPCIÓN FÍSICA
Extensión lxiii, 496, xxiii p.
Dimensiones 22 cm.
500 ## - NOTA GENERAL
Nota general Título del lomo : Lerdo de Tejada
500 ## - NOTA GENERAL
Nota general Facsímil de : Historia de la Administración de D. Sebastián Lerdo de Tejada : su política, sus leyes, sus contratos, sus nombres. Con retratos, planos, autógrafos. México, imprenta y litografía del padre Cobos, 1875
500 ## - NOTA GENERAL
Nota general La edición consta de mil ejemplares numerados y fuera de comercio--Colophon.
500 ## - NOTA GENERAL
Nota general Incluye índice onomástico
504 ## - NOTA DE BIBLIOGRAFÍA, ETC.
Nota de bibliografía, etc. Incluye referencias bibliográficas
600 14 - PUNTO DE ACCESO ADICIONAL DE MATERIA--NOMBRE DE PERSONA
Nombre de persona Lerdo de Tejada, Sebastián
Fechas asociadas al nombre 1823-1889
9 (RLIN) 1020
651 #4 - PUNTO DE ACCESO ADICIONAL DE MATERIA--NOMBRE GEOGRÁFICO
Nombre geográfico México
Subdivisión general Política y gobierno
Subdivisión cronológica 1867-1910
9 (RLIN) 1021
740 0# - PUNTO DE ACCESO ADICIONAL--TÍTULO RELACIONADO O ANALÍTICO NO CONTROLADO
Título relacionado o analítico no controlado Lerdo de Tejada
942 ## - ELEMENTOS DE PUNTO DE ACCESO ADICIONAL (KOHA)
Fuente del sistema de clasificación o colocación Library of Congress Classification
Tipo de ítem Koha Libros
Holdings
Estado de retiro Estado de pérdida Estado dañado No para préstamo Localización permanente Ubicación/localización actual Fecha de adquisición Total de préstamos Signatura topográfica completa Código de barras Fecha visto por última vez Precio válido a partir de Tipo de ítem Koha
El ejemplar forma parte de la colección y puede ser consultado según las políticas vigentes.       Biblioteca del Museo Franz Mayer (Rogerio Casas-Alatriste) Biblioteca del Museo Franz Mayer (Rogerio Casas-Alatriste) 25/06/2008   F1226 .B53 1992 00394 22/03/2019 22/03/2019 Libros